000 00618nam a2200229Ia 4500
003 OSt
005 20220918185501.0
006 a|||||r|||| 00| 0
007 ta
008 220917b |||||||| |||| 00| 0 eng d
024 _a51,210
037 _cTextual
040 _aARTS
_cARTS
_beng
041 _2eng
_aeng
082 _aP:(S:4), M6
100 _aScinto Leonard F M
_969169
245 0 _aWritten language and psychological development
260 _aOrlando
_bAcademic Press
_c1986
650 _aLINGUISTICS
942 _hP:(S:4), M6
_cTEXL
_2CC
999 _c180804
_d180804